|
|
|
|
| LEADER |
01339nam a2200301 a 4500 |
| 001 |
11955693 |
| 008 |
110115s2000 nyua b 001 0 eng d |
| 010 |
|
|
|a 00024108
|
| 020 |
|
|
|a 082479303X (alk. paper)
|
| 040 |
|
|
|a DLC
|c DLC
|d DLC
|d BD-DhAAL
|
| 042 |
|
|
|a pcc
|
| 082 |
0 |
0 |
|a 006.7
|2 21
|
| 245 |
0 |
0 |
|a Multimedia systems, standards, and networks /
|c edited by Atul Puri, Tsuhan Chen.
|
| 260 |
|
|
|a New York :
|b Marcel Dekker,
|c 2000.
|
| 300 |
|
|
|a xiv, 636 p. :
|b ill. ;
|c 26 cm.
|
| 490 |
1 |
|
|a Signal processing series ;
|v 2
|
| 504 |
|
|
|a Includes bibliographical references and index.
|
| 541 |
1 |
|
|e 00018306
|
| 650 |
|
0 |
|a Multimedia systems.
|
| 650 |
|
0 |
|a Computer networks.
|
| 700 |
1 |
|
|a Puri, Atul.
|
| 700 |
1 |
|
|a Chen, Tsuhan,
|d 1965-
|
| 830 |
|
0 |
|a Signal processing (Marcel Dekker, Inc.) ;
|v 2.
|
| 852 |
|
|
|a Ayesha Abed library
|c General Shelf.
|
| 999 |
|
|
|c 10310
|d 10310
|
| 952 |
|
|
|0 0
|1 0
|2 ddc
|4 0
|6 006_700000000000000_MUL
|7 0
|9 13868
|a BRACUL
|b BRACUL
|c GEN
|d 2011-01-15
|l 1
|m 15
|o 006.7 MUL
|p 3010018306
|r 2014-05-19
|s 2014-01-30
|t 1
|w 2011-01-15
|y BK
|
| 952 |
|
|
|0 0
|1 0
|2 ddc
|4 0
|6 006_700000000000000_MUL
|7 0
|9 13887
|a BRACUL
|b BRACUL
|c GEN
|d 2011-01-15
|l 0
|o 006.7 MUL
|p 3010018307
|r 2011-01-15
|t 2
|w 2011-01-15
|y BK
|
| 952 |
|
|
|0 0
|1 0
|2 ddc
|4 0
|6 006_700000000000000_MUL
|7 0
|9 13888
|a BRACUL
|b BRACUL
|c GEN
|d 2011-01-15
|l 0
|o 006.7 MUL
|p 3010018305
|r 2011-01-15
|t 3
|w 2011-01-15
|y BK
|